[Event "IECC CL3-2000.54"]
[Site "IECC email"]
[Date "2000.10.30"]
[Round "?"]
[White "Smith, Geoff"]
[Black "Knaus, Erich"]
[Result "0-1"]
[WhiteElo "1789"]
[BlackElo "1979"]
[PlyCount "62"]
[EventDate "2000.??.??"]
[EventType "tourn (corr)"]
[EventRounds "4"]
[SourceTitle "Corr 2008"]
[Source "ChessBase"]
[SourceDate "2008.06.24"]
[SourceVersion "1"]
[SourceVersionDate "2008.06.24"]
[SourceQuality "1"]

1. e4 e5 2. Nf3 Nc6 3. Bb5 a6 4. Ba4 Nf6 5. 0-0 Be7 6. Re1 b5 7. Bb3 0-0 8. a4 Bb7 9. d3 b4 10. Nbd2 Bc5 11. Nc4 d6 12. c3 Ba7 13. Be3 Bxe3 14. Nxe3 Rb8 15. Rb1 Re8 16. Ng5 Rf8 17. cxb4 Ba8 18. b5 axb5 19. axb5 Rxb5 20. Bc4 Rb6 21. Nxf7 Rxf7 22. Bxf7+ Kxf7 23. Rf1 Nd4 24. f4 Kg8 25. fxe5 dxe5 26. Nc4 Rb5 27. Ra1 Bb7 28. Nxe5 Rxe5 29. Rf2 Rb5 30. Qc1 Bc6 31. Ra8 Bxa8 0-1

[Event "IECC CL3-2000.44"]
[Site "IECC email"]
[Date "2000.08.14"]
[Round "?"]
[White "Bass, Stanley"]
[Black "Smith, Geoff"]
[Result "1-0"]
[WhiteElo "1907"]
[BlackElo "1786"]
[PlyCount "59"]
[EventDate "2000.??.??"]
[EventType "tourn (corr)"]
[EventRounds "4"]
[SourceTitle "Corr 2008"]
[Source "ChessBase"]
[SourceDate "2008.06.24"]
[SourceVersion "1"]
[SourceVersionDate "2008.06.24"]
[SourceQuality "1"]

1. d4 Nf6 2. c4 e6 3. Nc3 Bb4 4. Bd2 0-0 5. a3 Bxc3 6. Bxc3 Ne4 7. e3 d5 8. Bb4 Re8 9. Bd3 a5 10. Bc3 Nxc3 11. bxc3 e5 12. dxe5 dxc4 13. Bxc4 Qe7 14. Qb3 Nd7 15. Nf3 Nc5 16. Qa2 Bd7 17. 0-0 b5 18. Be2 Be6 19. c4 Nd7 20. Nd4 Bxc4 21. Bxc4 bxc4 22. f4 Nb6 23. Rfd1 Rad8 24. Rab1 Na4 25. Qxc4 Nb6 26. Qc1 c5 27. Nc6 Rxd1+ 28. Qxd1 Qc7 29. Qd6 Rc8 30. Ne7+ 1-0

[Event "IECC O email"]
[Site "IECC email"]
[Date "2000.06.11"]
[Round "?"]
[White "Smith, Geoff"]
[Black "Wedgeworth, Sam C"]
[Result "0-1"]
[WhiteElo "1781"]
[BlackElo "1761"]
[PlyCount "76"]
[EventDate "2000.??.??"]
[EventType "tourn (corr)"]
[EventRounds "6"]
[SourceTitle "Corr 2008"]
[Source "ChessBase"]
[SourceDate "2008.06.24"]
[SourceVersion "1"]
[SourceVersionDate "2008.06.24"]
[SourceQuality "1"]

1. d4 d5 2. c4 c6 3. Nf3 Nf6 4. Nc3 dxc4 5. a4 Na6 6. e4 Bg4 7. Bxc4 e6 8. Be3 Nb4 9. a5 Bxf3 10. gxf3 Be7 11. 0-0 0-0 12. Qb3 b5 13. Be2 Qd7 14. Na2 Nxa2 15. Qxa2 Ne8 16. Bd1 Bf6 17. Bb3 Bxd4 18. Rfd1 c5 19. Rac1 Qe7 20. Bxd4 cxd4 21. Rc6 Rd8 22. Rdc1 Nd6 23. Qa1 Qg5+ 24. Kf1 Qf4 25. Kg2 Nxe4 26. fxe4 Qg4+ 27. Kf1 Qxe4 28. Bd1 Qh1+ 29. Ke2 d3+ 30. Kd2 Qxh2 31. R1c5 Qxf2+ 32. Kc1 e5 33. Qa3 e4 34. Qc3 e3 35. Rg5 g6 36. Rf6 Qh4 37. Rg1 Rc8 38. Rc6 Qe4 0-1

[Event "IECC CL3-2000.21"]
[Site "IECC email"]
[Date "2000.04.06"]
[Round "?"]
[White "Smith, Geoff"]
[Black "Makarczuk, Jacek"]
[Result "1-0"]
[WhiteElo "1783"]
[BlackElo "2008"]
[PlyCount "95"]
[EventDate "2000.??.??"]
[EventType "tourn (corr)"]
[EventRounds "4"]
[SourceTitle "Corr 2008"]
[Source "ChessBase"]
[SourceDate "2008.06.24"]
[SourceVersion "1"]
[SourceVersionDate "2008.06.24"]
[SourceQuality "1"]

1. e4 c5 2. Nf3 d6 3. c3 Nf6 4. Be2 g6 5. 0-0 Bg7 6. Bb5+ Bd7 7. Bxd7+ Qxd7 8. Re1 Nc6 9. d4 cxd4 10. cxd4 d5 11. e5 Ne4 12. Nc3 Nxc3 13. bxc3 0-0 14. h4 h6 15. h5 g5 16. Qd3 Qg4 17. Rb1 Rfb8 18. e6 Qxh5 19. Ba3 fxe6 20. Rxe6 Qf7 21. Qe2 Qf5 22. Re1 Bf6 23. Nh2 Nd8 24. Re3 e6 25. Qh5 Kh7 26. Ng4 Bg7 27. Be7 Qf7 28. Qxf7 Nxf7 29. Rf3 Kg8 30. Rxe6 Re8 31. Ree3 Rac8 32. Rf5 Rc7 33. Bb4 Rd8 34. Re6 Rcd7 35. Ne3 b6 36. a4 Nh8 37. a5 bxa5 38. Bxa5 Rd6 39. Re7 R8d7 40. Re8+ Kh7 41. Bb4 Ra6 42. Rxd5 Rxd5 43. Nxd5 Ra1+ 44. Kh2 Ng6 45. Bc5 a5 46. g3 h5 47. Ra8 Kh6 48. Ne3 1-0

[Event "Teams-ch email"]
[Site "Email"]
[Date "2000.??.??"]
[Round "?"]
[White "Smith, Geoff"]
[Black "Signorile, Giuseppe"]
[Result "0-1"]
[WhiteElo "1826"]
[BlackElo "1793"]
[PlyCount "138"]
[EventDate "2000.??.??"]
[EventType "team (corr)"]
[EventRounds "10"]
[SourceTitle "Corr 2002"]
[Source "ChessBase"]
[SourceDate "2002.05.23"]
[SourceVersion "1"]
[SourceVersionDate "2002.05.23"]
[SourceQuality "1"]

1. d4 Nf6 2. c4 e6 3. Nc3 Bb4 4. Qc2 c5 5. dxc5 0-0 6. a3 Bxc5 7. Nf3 Nc6 8. Bg5 Nd4 9. Nxd4 Bxd4 10. e3 Qa5 11. exd4 Qxg5 12. Qd2 Qxd2+ 13. Kxd2 b6 14. Bd3 Bb7 15. f3 d5 16. c5 bxc5 17. dxc5 e5 18. Rhe1 Rfe8 19. Nb5 e4 20. Nc7 exd3 21. Nxa8 Bxa8 22. Kxd3 Kf8 23. b4 Bc6 24. Kd4 a6 25. Re5 Rxe5 26. Kxe5 Ke7 27. f4 Ne4 28. Re1 h5 29. Re3 f6+ 30. Kd4 Ke6 31. Rh3 g6 32. Rb3 f5 33. Rb1 g5 34. fxg5 Nxg5 35. a4 Bxa4 36. Re1+ Ne4 37. Ra1 Bb5 38. Ra3 Bc4 39. Re3 f4 40. Rf3 Nd2 41. Rxf4 Nb3+ 42. Kc3 Nc1 43. Rh4 Na2+ 44. Kd4 Nxb4 45. Rxh5 Nc2+ 46. Kc3 Ne3 47. Rh7 Bb5 48. h4 Nf5 49. g4 d4+ 50. Kb4 Ne7 51. g5 Nd5+ 52. Kb3 d3 53. Kb2 Ke5 54. Rh8 Kd4 55. Rd8 Bc6 56. g6 d2 57. g7 d1Q 58. g8Q Qe2+ 59. Ka3 Qe3+ 60. Ka2 Qf2+ 61. Kb3 Ba4+ 62. Ka3 Kc3 63. Qg7+ Nf6 64. Rd3+ Kxd3 65. Qf7 Bd1 66. Qb7 Qxc5+ 67. Qb4 Qc3+ 68. Qxc3+ Kxc3 69. Ka2 Bc2 0-1

[Event "IECC O email"]
[Site "IECC email"]
[Date "1999.12.04"]
[Round "?"]
[White "Smith, Geoff"]
[Black "Schalkwijk, Peter H"]
[Result "1-0"]
[WhiteElo "1788"]
[BlackElo "1704"]
[PlyCount "69"]
[EventDate "1999.??.??"]
[EventType "tourn (corr)"]
[EventRounds "6"]
[SourceTitle "Corr 2008"]
[Source "ChessBase"]
[SourceDate "2008.06.24"]
[SourceVersion "1"]
[SourceVersionDate "2008.06.24"]
[SourceQuality "1"]

1. e4 d6 2. d4 g6 3. Nc3 Nf6 4. Nf3 Bg7 5. Bf4 Bg4 6. h3 Bxf3 7. Qxf3 Nbd7 8. e5 dxe5 9. dxe5 Nh5 10. Be3 c6 11. 0-0-0 Bxe5 12. Bc4 Nhf6 13. Rhe1 Qc7 14. Bh6 Rd8 15. Bg7 Rg8 16. Bxf6 Bxf6 17. Ne4 Kf8 18. Qb3 Bh8 19. Ng5 Nc5 20. Rxd8+ Qxd8 21. Qe3 Bd4 22. Qf4 Bf6 23. Rd1 Qc8 24. Nxf7 Ne6 25. Qe4 Kxf7 26. Re1 Kg7 27. Bxe6 Qd8 28. Bxg8 Qxg8 29. Kb1 Qd8 30. Qf3 Qb6 31. c3 h6 32. Rd1 a5 33. Qe3 Qxe3 34. fxe3 Kf7 35. Rd7 1-0

[Event "IECC Y2KO email"]
[Site "IECC email"]
[Date "1999.10.14"]
[Round "?"]
[White "Werhan, Matthew"]
[Black "Smith, Geoff"]
[Result "0-1"]
[WhiteElo "972"]
[BlackElo "1755"]
[PlyCount "54"]
[EventDate "1999.??.??"]
[EventType "tourn (corr)"]
[EventRounds "2"]
[SourceTitle "Corr 2008"]
[Source "ChessBase"]
[SourceDate "2008.06.24"]
[SourceVersion "1"]
[SourceVersionDate "2008.06.24"]
[SourceQuality "1"]

1. d4 d5 2. e3 Nf6 3. f4 Bf5 4. Bd3 e6 5. Nf3 Bb4+ 6. Bd2 Bxd2+ 7. Nbxd2 0-0 8. Ne5 Nbd7 9. 0-0 Rc8 10. Bxf5 exf5 11. Qf3 c5 12. c3 Ne4 13. Nb3 c4 14. Rfd1 cxb3 15. a3 f6 16. Nd3 Re8 17. Nc1 Nb6 18. Nxb3 Nc4 19. Rab1 Qb6 20. Nc5 Ncd2 21. Qh5 g6 22. Qh4 Nxb1 23. Rxb1 Nxc5 24. b4 Nd3 25. Kf1 Rxe3 26. a4 Rxc3 27. a5 Qc7 0-1

[Event "IECC O email"]
[Site "IECC email"]
[Date "1999.09.09"]
[Round "?"]
[White "Smith, Geoff"]
[Black "Lynch, John Jr"]
[Result "1/2-1/2"]
[WhiteElo "1731"]
[BlackElo "1817"]
[PlyCount "97"]
[EventDate "1999.??.??"]
[EventType "tourn (corr)"]
[EventRounds "6"]
[SourceTitle "Corr 2008"]
[Source "ChessBase"]
[SourceDate "2008.06.24"]
[SourceVersion "1"]
[SourceVersionDate "2008.06.24"]
[SourceQuality "1"]

1. d4 Nf6 2. c4 g6 3. Nc3 Bg7 4. e4 d6 5. f3 0-0 6. Be3 e5 7. d5 c6 8. Qd2 cxd5 9. cxd5 Na6 10. Bd3 Nc5 11. Bc2 Nh5 12. Nge2 f5 13. 0-0 f4 14. Bxc5 dxc5 15. Bb3 Qb6 16. Kh1 Bd7 17. d6+ Kh8 18. Na4 Qb5 19. Nec3 Qa5 20. Qd5 b6 21. Rad1 Rac8 22. a3 Nf6 23. Qxe5 Ng4 24. Qe7 Ne5 25. Be6 Bf6 26. Bxd7 Bxe7 27. Bxc8 Bxd6 28. Rxd6 Rxc8 29. Rfd1 Nc4 30. Rd7 Nxb2 31. Nxb2 Qxc3 32. Nd3 Rf8 33. Nf2 Qxa3 34. e5 Qa4 35. h3 Qa2 36. Ne4 Rf7 37. Rd8+ Kg7 38. Ng5 Re7 39. R8d7 Kh6 40. Rxe7 Kxg5 41. Rxh7 Qe2 42. Rhd7 c4 43. Kh2 c3 44. e6 Qxe6 45. h4+ Kxh4 46. R1d6 Qf5 47. Rc7 Qe5 48. Rdc6 Kg5 49. Rxc3 1/2-1/2

[Event "IECC CL4-1999.23"]
[Site "IECC email"]
[Date "1999.05.26"]
[Round "?"]
[White "Mendosa, Gabriel"]
[Black "Smith, Geoff"]
[Result "0-1"]
[WhiteElo "1587"]
[BlackElo "1624"]
[PlyCount "44"]
[EventDate "1999.??.??"]
[EventType "tourn (corr)"]
[EventRounds "4"]
[SourceTitle "Corr 2008"]
[Source "ChessBase"]
[SourceDate "2008.06.24"]
[SourceVersion "1"]
[SourceVersionDate "2008.06.24"]
[SourceQuality "1"]

1. c4 Nf6 2. g3 e5 3. Bg2 c6 4. d4 exd4 5. Qxd4 d5 6. Nc3 Na6 7. Bg5 Be7 8. cxd5 cxd5 9. Bxf6 Bxf6 10. Qxd5 0-0 11. Qxd8 Rxd8 12. Rd1 Rxd1+ 13. Kxd1 Nc5 14. Nh3 Bxc3 15. bxc3 Bxh3 16. Bxh3 Ne4 17. Rf1 Rd8+ 18. Kc2 Rd2+ 19. Kb3 Rxe2 20. Rd1 Kf8 21. Bc8 Rxf2 22. Re1 Nc5+ 0-1

[Event "IECC O email"]
[Site "IECC email"]
[Date "1999.05.25"]
[Round "?"]
[White "Smith, Geoff"]
[Black "Rothwell, Mark"]
[Result "1-0"]
[WhiteElo "1715"]
[BlackElo "1723"]
[PlyCount "111"]
[EventDate "1999.??.??"]
[EventType "tourn (corr)"]
[EventRounds "6"]
[SourceTitle "Corr 2008"]
[Source "ChessBase"]
[SourceDate "2008.06.24"]
[SourceVersion "1"]
[SourceVersionDate "2008.06.24"]
[SourceQuality "1"]

1. e4 e6 2. d4 d5 3. e5 c5 4. c3 Nc6 5. Nf3 Qb6 6. Be2 Nge7 7. dxc5 Qxc5 8. Na3 a6 9. Qa4 Bd7 10. Be3 Qa5 11. Qxa5 Nxa5 12. Nc2 Nac6 13. Ncd4 Ng6 14. Nxc6 Bxc6 15. 0-0 Be7 16. Bd3 Bd8 17. Bxg6 hxg6 18. Nd4 Bc7 19. f4 Bb6 20. Rfd1 Kd7 21. c4 Rac8 22. Rac1 Bxd4 23. Rxd4 b5 24. c5 a5 25. a3 Rb8 26. b4 axb4 27. axb4 Ra8 28. Rd3 Ra4 29. Bd2 Ke7 30. g4 Ra2 31. Kg2 Rha8 32. Kg3 R8a3 33. Rxa3 Rxa3+ 34. Rc3 Ra2 35. Rd3 f6 36. h3 Kf7 37. g5 Ra1 38. gxf6 gxf6 39. exf6 Ra2 40. Bc3 Ra3 41. Re3 Rb3 42. Kh4 d4 43. Bxd4 Rxb4 44. Be5 Rc4 45. Rc3 Ra4 46. Kg5 b4 47. Rd3 Ra5 48. Rd8 Ra8 49. Rd6 Rc8 50. Bd4 b3 51. Be5 Be8 52. Rb6 Rxc5 53. Rb7+ Kf8 54. f7 Bxf7 55. Kf6 Rc2 56. Rb8+ 1-0

[Event "IECC O email"]
[Site "IECC email"]
[Date "1999.05.04"]
[Round "?"]
[White "Smith, Geoff"]
[Black "Foch, Louis"]
[Result "1-0"]
[WhiteElo "1655"]
[BlackElo "1707"]
[PlyCount "131"]
[EventDate "1999.??.??"]
[EventType "tourn (corr)"]
[EventRounds "6"]
[SourceTitle "Corr 2008"]
[Source "ChessBase"]
[SourceDate "2008.06.24"]
[SourceVersion "1"]
[SourceVersionDate "2008.06.24"]
[SourceQuality "1"]

1. d4 Nf6 2. c4 e6 3. Nf3 d5 4. Bg5 Bb4+ 5. Nc3 0-0 6. e3 Nc6 7. Rc1 h6 8. Bxf6 Qxf6 9. Bd3 dxc4 10. Bxc4 e5 11. 0-0 Bxc3 12. Rxc3 exd4 13. Nxd4 Rd8 14. Re1 Ne5 15. Bb3 c6 16. Qc2 Bg4 17. Rc1 Bh5 18. Nf5 Bg6 19. e4 Bxf5 20. exf5 Rd4 21. Re1 Rad8 22. Rh3 Rd2 23. Qc3 Qxf5 24. f3 Ng6 25. Rg3 Kh7 26. Rg4 R8d3 27. Qb4 Rxb3 28. Qxd2 Rd3 29. Qb4 b6 30. Rge4 Qd5 31. b3 Qd7 32. Re8 Qd4+ 33. Qxd4 Rxd4 34. R1e2 Nf4 35. R2e7 Rd1+ 36. Kf2 Kg6 37. g3 Nh3+ 38. Ke2 Rh1 39. Rf8 Rxh2+ 40. Ke3 Rxa2 41. Rfxf7 Ra3 42. Kd4 Rxb3 43. Kc4 Rb5 44. Rxg7+ Kf6 45. Ref7+ Ke6 46. Rxa7 Rc5+ 47. Kd3 h5 48. Rg6+ Kf5 49. Rh6 Rd5+ 50. Ke2 Ng5 51. Rxc6 Re5+ 52. Kf2 Rb5 53. Ra3 Nf7 54. f4 Kg4 55. Rf6 Rb2+ 56. Ke1 Nd8 57. Rg6+ Kf5 58. Rg5+ Kf6 59. Rxh5 Nf7 60. Rd5 Ke6 61. Rad3 b5 62. R3d4 Kf6 63. g4 Kg7 64. Rf5 Rb1+ 65. Ke2 Rb2+ 66. Kf3 1-0

[Event "IECC CL4-1999.05"]
[Site "IECC email"]
[Date "1998.12.12"]
[Round "?"]
[White "Smith, Geoff"]
[Black "Carless, David"]
[Result "0-1"]
[WhiteElo "1635"]
[BlackElo "1748"]
[PlyCount "130"]
[EventDate "1999.??.??"]
[EventType "tourn (corr)"]
[EventRounds "4"]
[SourceTitle "Corr 2008"]
[Source "ChessBase"]
[SourceDate "2008.06.24"]
[SourceVersion "1"]
[SourceVersionDate "2008.06.24"]
[SourceQuality "1"]

1. Nf3 d5 2. d4 Nf6 3. e3 Bf5 4. Bd3 e6 5. Bxf5 exf5 6. 0-0 c6 7. c4 Na6 8. cxd5 Qxd5 9. Nc3 Qe6 10. Bd2 Be7 11. d5 Nxd5 12. Nxd5 Qxd5 13. Bc3 Qxd1 14. Rfxd1 f6 15. Rac1 Kf7 16. a3 Rhd8 17. Nd4 Rd5 18. b4 Rad8 19. h3 f4 20. Rd2 fxe3 21. fxe3 c5 22. bxc5 Bxc5 23. a4 Nc7 24. Bb4 Bxb4 25. Rxc7+ R5d7 26. Rdc2 Ba5 27. R7c4 Re8 28. Kf2 Bb6 29. Kf3 g6 30. g4 Ree7 31. h4 Rc7 32. Rxc7 Rxc7 33. Rxc7+ Bxc7 34. g5 a6 35. gxf6 Kxf6 36. Ke4 Bg3 37. Nf3 Bf2 38. a5 h6 39. Kd4 Kf5 40. Kd3 Bg3 41. e4+ Kf4 42. Nd4 Bxh4 43. Ne6+ Ke5 44. Nc5 Be7 45. Nd7+ Ke6 46. Nb6 g5 47. Nc4 h5 48. Ke3 g4 49. Kf4 Bd6+ 50. Kg5 g3 51. Ne3 Ke5 52. Kxh5 Kxe4 53. Ng2 Kf3 54. Nh4+ Kf2 55. Kg4 Be7 56. Nf3 g2 57. Kf4 Bd6+ 58. Ke4 Bg3 59. Ng5 Bc7 60. Nh3+ Kg3 61. Ng1 Bxa5 62. Ne2+ Kf2 63. Nf4 g1Q 64. Nh3+ Kf1 65. Nxg1 Kxg1 0-1